000 07306cam a22020414i 4500
001 u90
003 PE-LiUPU
005 20250813170004.0
008 150508s2013 sp a rb 000 0 spa d
020 _a9788496709935
035 _a(Sirsi) i9788496709935
040 _aPE-LiUPU
_bspa
_cPE-LiUPU
_erda
049 _aPRUA
082 0 4 _a628.3
_bG71
082 0 4 _a628
_bG69 2013
100 _aGonzález Olabarría, Pedro María,
_eautor.
245 1 0 _aPlantas de tratamiento de aguas :
_bequipos electromecánicos, ingeniería constructiva /
_cPedro M. González Olabarría.
250 _aPrimera edición.
264 1 _aMadrid :
_bAMV Ediciones,
_c2013.
300 _a423 páginas :
_bilustraciones ;
_c27 centímetros
336 _atext
_2rdacontent
337 _aunmediated
_2rdamedia
338 _avolume
_2rdacarrier
504 _aBibliografía : páginas 422-423.
505 0 _aProcesos de potabilización de aguas -- Procesos de depuración de aguas residuales -- Equipos de bombeo y tomas de aguas -- Equipos de desbaste -- Agitadores y circuladores de flujo -- Sistemas de aireación -- Equipamiento, sistema y tratamientos biológicos de soporte -- Puentes -- Equipos de filtración -- Tratamiento por membranas -- Equipos de tratamiento de aceites -- Equipos auxiliares -- Desinfección mediante ultravioletas/ozono -- Deshidratación de fangos -- Digestión -- Secado térmico -- Alternativas para el tratamiento avanzado de fangos -- Dosificación de reactivos -- Sistemas de desodorización -- Instrumentación -- Equipos eléctricos -- Sistema de control.
526 _aP203
526 _aP200
526 _aSEG65
526 _aSEG64
526 _aSEG63
526 _aSEG62
526 _aSEG61
526 _aSEG60
526 _aSEG59
526 _aSEG58
526 _aSEG57
526 _aSEG56
526 _aSEG55
526 _aSEG54
526 _aSEG53
526 _aSEG52
526 _aSEG51
526 _aSEG50
526 _aSEG49
526 _aSEG48
526 _aSEG47
526 _aSEG46
526 _aSEG24
526 _aSEG23
526 _aSEG22
526 _aSEG21
526 _aSEG20
526 _aSEG19
526 _aSEG18
526 _aSEG17
526 _aSEG16
526 _aSEG14
526 _aSEG13
526 _aSEG12
526 _aSEG11
526 _aSEG10
526 _aSEG09
526 _aSEG06
526 _aSEG05
526 _aSEG04
526 _aSEG03
526 _aSEG02
526 _aSEG68
526 _aSEG66
526 _aSEG45
526 _aSEG25
526 _aSEG01
526 _aP163
526 _aP162
526 _aP161
526 _aP160
526 _aP159
526 _aP158
526 _aP157
526 _aP156
526 _aP155
526 _aP154
526 _aP153
526 _aP152
526 _aP151
526 _aP150
526 _aP149
526 _aP142
526 _aP141
526 _aP140
526 _aP139
526 _aP138
526 _aP137
526 _aP132
526 _aP131
526 _aP130
526 _aP126
526 _aP125
526 _aP124
526 _aP123
526 _aP115
526 _aP122
526 _aP121
526 _aP116
526 _a P114
526 _aP112
526 _aP111
526 _aP104
526 _aP103
526 _aP102
526 _aP101
526 _aP100
526 _aP96
526 _aP95
526 _aP93
526 _aP92
526 _aP91
526 _aP88
526 _aP83
526 _aP82
526 _aP79
526 _aP78
526 _aP75
526 _aP74
526 _aP71
526 _aP69
526 _a P51
526 _aP49
526 _aP48
526 _aP47
526 _aP33
526 _aP31
526 _a P30
526 _aP29
526 _aP27
526 _aP26
526 _aP25
526 _aP24
526 _a P22
526 _aP10
526 _aP09
526 _a P08
526 _aP06
526 _aP05
526 _aP04
526 _aP01
541 _g003-001466;
541 _g001-03180;
541 _g002-00000049;
541 _g423-0000050;
_FT03841.
596 _a1 2 3
650 0 4 _aAnálisis de aguas residuales.
650 0 4 _aPlantas de tratamiento de aguas residuales.
650 0 4 _aPurificación de aguas residuales.
910 _acce
_bjck
_ccce
_d20150508
910 _admb
_bksl
_cksl
_d20180522
910 _agavs
_d20180913
942 _2ddc
_cBOOK
994 _aC0
_bPEPRU
949 _a628 G69 2013
_wDEWEY
_c1
_iFT02678
_lCCODEBUT1
_mBUT
_p{Dolar}65.00
_r0
_sY
_tBOOK
_u2016-2-23
_xFIA
_PP24
_0COMPRA
_o.CIRCNOTE. Este documento es muy costoso
_o.STAFF. Colección General Tarapoto
949 _a628 G69 2013
_wDEWEY
_c2
_iFT03841
_lCCODEBUT1
_mBUT
_p{dolar}217.40
_r0
_sY
_tBOOK
_u2018-09-13
_xFIA
_PP24
_0COMPRA
_o.STAFF. Colección General Tarapoto
949 _a628.3 G71
_wDEWEY
_c1
_i70934
_d2018-4-20
_e2017-11-30
_f2018-2-12
_g4
_lCCODEBUL1
_mBUL
_n10
_p62.70
_q1
_r0
_sY
_tBOOK
_u2015-5-8
_xINGENIERIA
_PP24
_0COMPRA
_o.STAFF. Colección Ingeniería y Arquitectura
949 _a628.3 G71
_wDEWEY
_c1
_iFJ00378
_d2018-4-24
_e2018-4-22
_f2017-12-28
_g1
_lCCODEBUJ1
_mBUJ
_n12
_p65.00
_q3
_r0
_sY
_tBOOK
_u2016-6-27
_xINGENIERIA
_PP25
_0COMPRA
_o.STAFF. Colección General Juliaca
949 _a628.3 G71
_wDEWEY
_c2
_i78499
_f2018-5-28
_g1
_lCCODEBUL1
_mBUL
_p55.14
_r0
_sY
_tBOOK
_u2018-5-22
_xINGENIERIA
_PP24
_0COMPRA
_1FCOMPRA
_o.STAFF. Colección Ingeniería y Arquitectura
949 _a628.3 G71
_wDEWEY
_c3
_i78500
_f2018-5-28
_g1
_lCCODEBUL1
_mBUL
_p55.14
_r0
_sY
_tBOOK
_u2018-5-22
_xINGENIERIA
_PP24
_0COMPRA
_1FCOMPRA
_o.STAFF. Colección Ingeniería y Arquitectura
999 _a628.3 G71
_wDEWEY
_c60405
_i70934
_d60405
_e2017-11-30
_f2021-11-9
_g7
_lCCODEBUL1
_mBUL
_n10
_p62.70
_q1
_r0
_sY
_tBOOK
_u2015-5-8
_xINGENIERIA
_PP24
_0COMPRA
_o.STAFF. Colección Ingeniería y Arquitectura
999 _a628.3 G71
_wDEWEY
_c2
_i78499
_d2020-12-23
_e2020-3-16
_f2021-11-9
_g4
_lCCODEBUL1
_mBUL
_n2
_p55.14
_r0
_sY
_tBOOK
_u2018-5-22
_xINGENIERIA
_PP24
_0COMPRA
_1FCOMPRA
_o.STAFF. Colección Ingeniería y Arquitectura
999 _a628.3 G71
_wDEWEY
_c3
_i78500
_d2018-11-6
_f2021-11-9
_g4
_lCCODEBUL1
_mBUL
_p55.14
_q1
_r0
_sY
_tBOOK
_u2018-5-22
_xINGENIERIA
_PP24
_0COMPRA
_1FCOMPRA
_o.STAFF. Colección Ingeniería y Arquitectura
999 _a628 G69 2013
_wDEWEY
_c1
_iFT02678
_f2019-2-20
_g1
_lCCODEBUT1
_mBUT
_p65.00
_r0
_sY
_tBOOK
_u2016-2-23
_xINGENIERIA
_PP24
_0COMPRA
_o.CIRCNOTE. Este documento es muy costoso
_o.STAFF. Colección General
999 _a628 G69 2013
_wDEWEY
_c2
_iFT03841
_d2019-4-11
_e2019-4-10
_f2019-2-20
_g1
_lCCODEBUT1
_mBUT
_n1
_p217.40
_r0
_sY
_tBOOK
_u2018-9-13
_xINGENIERIA
_PP24
_0COMPRA
_1FCOMPR2
_o.STAFF. Colección General Tarapoto
999 _a628.3 G71
_wDEWEY
_c1
_iFJ00378
_d2022-7-8
_e2022-7-8
_f2022-1-26
_g4
_kCHECKEDOUT
_lCCODEBUJ1
_mBUJ
_n18
_p65.00
_q20
_rM
_sY
_tBOOK
_u2016-6-27
_xINGENIERIA
_PP25
_0COMPRA
_o.STAFF. Colección General Juliaca
980 _81
_gALBERTO SANCHEZ Responsable de Automatización